[Event "Berliner Sommer"]
[Site "Berlin"]
[Date "1990.??.??"]
[Round "?"]
[White "Gruenberg, Hans Ulrich"]
[Black "Schlosser, Philipp"]
[Result "1-0"]
[WhiteElo "2475"]
[BlackElo "2465"]

1.d4 d5 2.c4 dxc4 3.e4 e5 4.Nf3 Bb4+ 5.Bd2 Bxd2+ 6.Nbxd2 exd4 7.Bxc4 Nc6
8.O-O Qf6 9.e5 Qg6 10.Re1 Nge7 11.Nb3 Bg4 12.Be2 O-O-O 13.Nfxd4 Bxe2 14.Nxc6 Nxc6
15.Qxe2 Rd5 16.f4 Rhd8 17.Rad1  1-0

[Event "Berliner Sommer"]
[Site "Berlin"]
[Date "1990.??.??"]
[Round "?"]
[White "Piskov, Yury"]
[Black "Heinbuch, Detlef"]
[Result "1-0"]
[WhiteElo "2445"]
[BlackElo "2350"]

1.d4 d5 2.c4 dxc4 3.e4 c5 4.Nf3 cxd4 5.Bxc4 Nc6 6.O-O e6 7.e5 Nge7 8.Re1 Ng6
9.Re4 Be7 10.Nbd2 O-O 11.a3 b6 12.Bd3 Bb7 13.Qe2 Qc7 14.h4 f5 15.exf6 Bxf6
16.Nb3 Nce5 17.h5 Nxd3 18.hxg6 Bxe4 19.Qxe4 Nc5 20.Nxc5 bxc5 21.gxh7+ Kh8
22.g4 Qf7 23.Bf4 g6 24.Ne5 Qxh7 25.Kg2 Kg8 26.Rh1 Qe7 27.Nxg6 Qd7 28.g5 Bg7
29.f3 e5 30.Nxe5  1-0

[Event "Bern zt"]
[Site "Bern"]
[Date "1990.??.??"]
[Round "10"]
[White "Manor, Ilan"]
[Black "Lev, Ronen"]
[Result "1/2-1/2"]
[WhiteElo "2450"]
[BlackElo "2390"]

1.d4 d5 2.c4 dxc4 3.e4 c5 4.d5 e6 5.Nc3 exd5 6.Nxd5 Ne7 7.Bxc4 Nxd5 8.Bxd5 Be7
9.Nf3 O-O 10.O-O Nd7 11.Be3 Nf6 12.Qd2 Nxd5 13.exd5 Bd6 14.Rfe1 Qc7 15.h3 Bf5
16.Rac1 Rac8 17.b4 b6 18.bxc5 bxc5 19.Rc4 Rfe8 20.Rec1 Qe7 21.Qc3 Be4 22.Ng5 Bf5
23.Nf3 Be4 24.Bxc5 Bxf3 25.Bxd6 Rxc4 26.Qxc4 Qg5 27.Bg3 Bxd5 28.Qc5  1/2-1/2

[Event "Biel op (Women)"]
[Site "Biel"]
[Date "1990.??.??"]
[Round "3"]
[White "Maksimovic, Suzana"]
[Black "Nutu Gajic, Dana"]
[Result "1/2-1/2"]
[WhiteElo "2300"]
[BlackElo "2295"]

1.d4 d5 2.c4 dxc4 3.e4 Nf6 4.e5 Nd5 5.Bxc4 Nb6 6.Bd3 Nc6 7.Be3 Be6 8.Nc3 Qd7
9.Nf3 Nb4 10.Bb5 c6 11.Be2 Bf5 12.O-O e6 13.Nh4 Bc2 14.Qd2 Be7 15.a3 Bxh4
16.axb4 Bg6 17.b5 O-O 18.Rfc1 Be7 19.bxc6 bxc6 20.Bf3 Nd5 21.Na4 Rab8 22.h4 h6
23.Nc5 Bxc5 24.Rxc5 Rb3 25.Qc1 Rfb8 26.Rxc6 Rxb2 27.Qc5 Qd8 28.Qd6 Qxh4 29.Bxd5 exd5
30.e6 fxe6 31.Qxe6+ Bf7 32.Qf5 Qh5 33.Qxh5 Bxh5 34.Rxa7 R2b7  1/2-1/2

[Event "Biel op"]
[Site "Biel"]
[Date "1990.??.??"]
[Round "3"]
[White "Vyzmanavin, Alexey"]
[Black "Nemeth, Zoltan"]
[Result "1/2-1/2"]
[WhiteElo "2585"]
[BlackElo "2360"]

1.d4 d5 2.c4 dxc4 3.e4 c5 4.d5 Nf6 5.Nc3 e6 6.Bxc4 exd5 7.Nxd5 Nxd5 8.Bxd5 Be7
9.Nf3 O-O 10.O-O Na6 11.Qe2 Nc7 12.Bc4 Be6 13.Be3 Bxc4 14.Qxc4 b5 15.Qc2 Ne6
16.Rad1 Qc7 17.Rd5 Rac8 18.Rfd1 Rfd8 19.g3 Rxd5 20.exd5 Nf8 21.Ng5 Bxg5 22.Bxg5 h6
23.Bf4 Qd7 24.Be3 c4 25.Qc3 Rc6 26.Qd2 Ra6 27.a3 Ng6 28.f4 Ne7 29.d6 Ng6
30.Qd5 Nf8 31.Bc5 Rc6 32.Re1 Ne6 33.f5 Rxc5 34.fxe6 Qxe6 35.Qxc5 Qxe1+ 36.Kg2 Qe2+
37.Kg1  1/2-1/2

[Event "Buenos Aires op"]
[Site "Buenos Aires"]
[Date "1990.??.??"]
[Round "5"]
[White "Casafus, Ruben"]
[Black "Tempone, Marcelo"]
[Result "1/2-1/2"]
[WhiteElo "2375"]
[BlackElo "2390"]

1.d4 d5 2.c4 dxc4 3.e4 Nf6 4.e5 Nd5 5.Bxc4 Nb6 6.Bb3 Nc6 7.Ne2 Bf5 8.Nbc3 e6
9.a3 Qd7 10.O-O Be7 11.Be3 Na5 12.Ba2 Nac4 13.Qc1 O-O 14.Ng3 Bg6 15.Nce4 Nxe3
16.fxe3 Nd5 17.Qd2 b6 18.Rac1 Rac8 19.Rfd1 Rfd8 20.Qe2 c6 21.Bc4 a5 22.Bd3 Qa7
23.Nc3 Nxc3 24.Rxc3 c5 25.Rdc1 Rb8 26.Bxg6 hxg6 27.Qg4 cxd4 28.exd4 b5 29.Ne2 b4
30.axb4 Rxb4 31.Qf3 Qb7 32.Qxb7 Rxb7 33.R1c2 Rdb8 34.Rc8+ Rxc8 35.Rxc8+ Kh7
36.Rc2 g5 37.Kf2 Kg6 38.Kf3 Rb3+ 39.Kf2 f6 40.exf6 gxf6 41.Nc1 Rb7 42.Nd3 Kf5
43.Ke3 Bd6 44.Rf2+ Kg6 45.h3 Rb3 46.Kd2 Rb5 47.Kc3 Kf7 48.b3 Ke7 49.Kc4 Rb8
50.Ra2 Bc7 51.b4 axb4  1/2-1/2

[Event "JUG-chT Cetinje"]
[Site "Cetinje"]
[Date "1990.??.??"]
[Round "1"]
[White "Misanovic, Vesna"]
[Black "Nutu Gajic, Dana"]
[Result "1/2-1/2"]
[WhiteElo "2270"]
[BlackElo "2280"]

1.d4 d5 2.c4 dxc4 3.e4 Nf6 4.e5 Nd5 5.Bxc4 Nb6 6.Bd3 Nc6 7.Ne2 Bg4 8.f3 Be6
9.Nbc3 Bd5 10.Be3 e6 11.O-O Be7 12.Rc1 Qd7 13.f4 Bc4  1/2-1/2

[Event "Cheliabinsk-A"]
[Site "Cheliabinsk"]
[Date "1990.??.??"]
[Round "?"]
[White "Vyzmanavin, Alexey"]
[Black "Yakovich, Yuri"]
[Result "1/2-1/2"]
[WhiteElo "2585"]
[BlackElo "2520"]

1.d4 d5 2.c4 dxc4 3.e4 Nf6 4.e5 Nd5 5.Bxc4 Nb6 6.Bd3 Nc6 7.Ne2 Bg4 8.f3 Be6
9.Nbc3 Qd7 10.Ne4 Bd5 11.Nc5 Qc8 12.a3 e6 13.Qc2 Bxc5 14.Qxc5 Qd7 15.O-O a6
16.Qc3 O-O 17.Be3 Ne7 18.Qc2 h6 19.Ng3 Bc6 20.Rfd1 Nbd5 21.Bf2 Nf4 22.Be4 Ned5
23.Nf1 Ba4 24.Qb3 Bb5 25.Re1  1/2-1/2

[Event "Cheliabinsk-A"]
[Site "Cheliabinsk"]
[Date "1990.??.??"]
[Round "?"]
[White "Vyzmanavin, Alexey"]
[Black "Meister, Yakov"]
[Result "1/2-1/2"]
[WhiteElo "2585"]
[BlackElo "2415"]

1.d4 d5 2.c4 dxc4 3.e4 Nf6 4.e5 Nd5 5.Bxc4 Nb6 6.Bd3 Nc6 7.Ne2 Bg4 8.f3 Be6
9.Nbc3 Qd7 10.Ne4 Bd5 11.Nc5 Qc8 12.a3 e6 13.Qc2 Bxc5 14.Qxc5 Qd7 15.O-O a6
16.Qc3 Ne7 17.b3 Bc6 18.a4 f5 19.exf6 gxf6 20.Ba3 O-O-O 21.Bc5 Ned5 22.Qd2 Qg7
23.Rae1 Nd7 24.Ba3 Rhg8 25.Ng3 f5 26.Bc4 Qg6 27.Rf2 h5 28.Ne2 N7f6 29.Nc1 Nd7
30.Nd3 Rde8 31.Rfe2 h4 32.Bxd5 Bxd5 33.Nf4 Qf7 34.Nxd5 exd5 35.Be7 h3 36.g3 Nb8
37.a5 Nc6 38.Bc5 Rxe2 39.Rxe2 f4 40.g4 Re8 41.b4 Rxe2 42.Qxe2 Kd7 43.Kf2 Qg6
44.Qd2 Qf6 45.Qd3 Nd8 46.Qh7+ Kc6 47.Qxh3 b6 48.axb6 cxb6 49.g5 Qxg5 50.b5+ Kxb5
51.Qf1+ Kc6 52.Qxa6 Qh4+ 53.Kg2 Qg5+ 54.Kf1 Kd7 55.Qxb6 Qf5 56.Qd6+ Kc8 57.Qa6+ Kd7
58.Qa7+ Kc8 59.Qa8+ Kd7 60.Qa4+ Kc8 61.Ke2 Qe6+ 62.Kd1 Qc6 63.Qc2 Ne6 64.Qf5 Qa4+
65.Ke1 Qa1+ 66.Kf2 Qa2+ 67.Kf1 Qa6+ 68.Ke1 Qa1+ 69.Kf2 Qa2+ 70.Kf1 Qa6+  1/2-1/2

[Event "Cheliabinsk-B"]
[Site "Cheliabinsk"]
[Date "1990.??.??"]
[Round "?"]
[White "Sherbakov, Ruslan"]
[Black "Vaulin, Alexander"]
[Result "1/2-1/2"]
[WhiteElo "2425"]
[BlackElo "2450"]

1.d4 d5 2.c4 dxc4 3.e4 c5 4.d5 Nf6 5.Nc3 e6 6.Nf3 exd5 7.e5 Nfd7 8.Bg5 Be7
9.Bxe7 Qxe7 10.Nxd5 Qd8 11.Bxc4 Nc6 12.Qe2 Qa5+ 13.b4 Nxb4 14.O-O Nxd5 15.e6 N7f6
16.exf7+ Kxf7 17.Rad1 Re8 18.Bxd5+ Kf8 19.Qc2 Qc7 20.Ng5 g6 21.Qc3 Kg7 22.Nxh7 Qe5
23.Qxe5 Rxe5 24.Nxf6 Kxf6 25.f4 Re7 26.Rc1 Rc7 27.Rfe1 Bf5 28.h3 Rd8 29.Re5 Bd3
30.Kf2 b6 31.Rc3 c4 32.Ke3 Rc5 33.Kd4 Ra5 34.a3 Rd7 35.g4 Kg7 36.Rc1 Rxa3
37.Rce1 b5 38.Re7+ Rxe7 39.Rxe7+ Kf8 40.Rf7+ Ke8 41.Rb7 Bf1 42.Bf7+ Kd8 43.Bxg6 Bxh3
44.f5 Rg3 45.Ke5 Rxg4 46.Rb8+ Kd7 47.Bf7 Rg5 48.Be8+ Kc7 49.Rxb5 Rxf5+ 50.Kd4 Rf4+
51.Kc3 Rf3+ 52.Kd4 Rf4+ 53.Kc3 Be6 54.Bg6 a6 55.Re5 Kd6 56.Ra5 Bc8 57.Bb1 Bb7
58.Ba2 Bd5 59.Rxa6+ Ke5 60.Ra7 Rf3+ 61.Kb4 Kd4 62.Rh7 Rf4 63.Rh3 Be6 64.Rc3 Rf8
65.Bxc4 Rb8+ 66.Bb5  1/2-1/2

[Event "Cheliabinsk-B"]
[Site "Cheliabinsk"]
[Date "1990.??.??"]
[Round "?"]
[White "Sorokin, Maxim"]
[Black "Vaulin, Alexander"]
[Result "1/2-1/2"]
[WhiteElo "2480"]
[BlackElo "2450"]

1.d4 d5 2.c4 dxc4 3.e4 c5 4.d5 Nf6 5.Nc3 e6 6.Bxc4 exd5 7.Nxd5 Nxd5 8.Bxd5 Be7
9.Qh5 O-O 10.Nf3 Nd7 11.Ng5 Nf6 12.Bxf7+ Kh8 13.Qh4 h6 14.Ne6 Bxe6 15.Bxe6 Qd3
16.Bf5 c4 17.Bxh6 gxh6 18.Qxh6+ Kg8 19.Qg6+ Kh8 20.Qh6+ Kg8 21.Qg6+ Kh8 22.a3 Rad8
23.Qh6+ Kg8 24.Qg6+ Kh8 25.Qh6+ Kg8 26.h4 Bxa3  1/2-1/2

[Event "Debrecen"]
[Site "Debrecen"]
[Date "1990.??.??"]
[Round "10"]
[White "Romanishin, Oleg M"]
[Black "Polgar, Zsuzsa"]
[Result "1/2-1/2"]
[WhiteElo "2525"]
[BlackElo "2500"]

1.d4 d5 2.c4 dxc4 3.e4 c5 4.d5 Nf6 5.Nc3 e6 6.Bxc4 exd5 7.Nxd5 Nxd5 8.Bxd5 Be7
9.Nf3 O-O 10.O-O Qb6 11.Ne5 Be6 12.Be3 Rd8 13.Qf3 Bxd5 14.exd5 Qf6 15.Qe4 Bd6
16.Nc4 Nd7 17.Rad1 Re8 18.Qc2 Rad8 19.Rfe1 h6 20.h3 Bb8 21.d6 Nb6 22.Bxc5 Rxe1+
23.Rxe1 Nxc4 24.Qxc4 Bxd6 25.Bxd6 Qxd6  1/2-1/2

[Event "BCF-ch"]
[Site "Eastbourne"]
[Date "1990.??.??"]
[Round "?"]
[White "Walker, David"]
[Black "Sadler, Matthew"]
[Result "1/2-1/2"]
[WhiteElo "2325"]
[BlackElo "2465"]

1.d4 d5 2.c4 dxc4 3.e4 Nf6 4.e5 Nd5 5.Bxc4 Nc6 6.Be3 Nb6 7.Bd3 e6 8.Nf3 Nb4
9.Be4 N4d5 10.Bg5 Be7 11.Bxe7 Qxe7 12.O-O Bd7 13.Nc3 Bc6 14.Re1 Qd7 15.Rc1 O-O-O
16.Bd3 f5 17.exf6 gxf6 18.Ne4 Rde8 19.Bf1 Rhg8 20.g3 Kb8 21.Bg2 Ka8 22.Nxf6 Nxf6
23.Ne5 Qc8 24.Nxc6 bxc6 25.Bxc6+ Kb8 26.a4 Qa6 27.Qb3 Qa5 28.Re5 Nd5 29.Rc5 Qd2
30.Bxe8 Rxe8 31.Rcxd5 Rf8 32.Rd8+ Rxd8 33.a5 Qxd4 34.Rb5 Rf8 35.Qc2 Rf7 36.axb6 axb6
37.Rb3 Rxf2 38.Rxb6+ Qxb6  1/2-1/2

[Event "Eger op"]
[Site "Eger"]
[Date "1990.??.??"]
[Round "?"]
[White "Oltean, Dorel"]
[Black "Meszaros, Andras"]
[Result "1-0"]
[WhiteElo "2390"]
[BlackElo "2355"]

1.d4 d5 2.c4 dxc4 3.e4 Nc6 4.Nf3 Bg4 5.d5 Ne5 6.Qd4 Nxf3+ 7.gxf3 Bxf3 8.Bxc4 e5
9.Bb5+ c6 10.Qxe5+ Ne7 11.Nd2 Qb8 12.dxc6 bxc6 13.Bxc6+ Kd8 14.Qd4+ Kc7 15.Qd7+ Kb6
16.Nc4+ Ka6 17.Bb7+  1-0

[Event "Troll Masters"]
[Site "Gausdal"]
[Date "1990.??.??"]
[Round "7"]
[White "Haugli, Petter"]
[Black "Westerinen, Heikki MJ"]
[Result "1/2-1/2"]
[WhiteElo "2395"]
[BlackElo "2475"]

1.d4 d5 2.c4 dxc4 3.e4 e5 4.Nf3 exd4 5.Bxc4 Bb4+ 6.Nbd2 Nc6 7.O-O Be6 8.Bxe6 fxe6
9.Nb3 d3 10.Bg5 Qd7 11.a3 Bf8 12.Ne1 h6 13.Qh5+ Qf7 14.Qxf7+ Kxf7 15.Be3 Rd8
16.Rd1 Nf6 17.Nxd3 Be7 18.f3 b6 19.Rd2 Rd7 20.Kf2 Rhd8 21.Ke2 Bd6 22.Rc1 Ne5
23.Nxe5+ Bxe5 24.f4 Rxd2+ 25.Nxd2 Bxb2 26.Rxc7+ Rd7 27.Rxd7+ Nxd7 28.Nc4 Bf6
29.Nd6+ Kf8 30.Nc8 Be7 31.a4 Bc5 32.Nxa7 Bxe3 33.Kxe3 Nc5 34.Kd4 Nxa4 35.g4  1/2-1/2

[Event "BL2-SW8990"]
[Site "Germany"]
[Date "1990.??.??"]
[Round "?"]
[White "Schienmann, Bruno"]
[Black "Bosbach, Gerhard"]
[Result "1/2-1/2"]
[WhiteElo "2245"]
[BlackElo "2260"]

1.d4 d5 2.c4 dxc4 3.e4 e5 4.Nf3 exd4 5.Bxc4 Bb4+ 6.Bd2 Bxd2+ 7.Nbxd2 Nc6
8.O-O Qf6 9.e5 Qg6 10.Bb5 Ne7 11.Nxd4 O-O 12.Bxc6 Nxc6 13.Nxc6 Qxc6 14.Rc1 Qd5
15.Rxc7 Qxe5 16.Qc1 Be6 17.Re1 Qa5 18.a3 Rac8 19.Rxc8 Bxc8 20.Nc4 Qc7 21.Ne5 Qxc1
22.Rxc1 Be6 23.f4 f6 24.Nf3 Rc8  1/2-1/2

[Event "SWE-ch"]
[Site "Gothenburg"]
[Date "1990.??.??"]
[Round "?"]
[White "Wiedenkeller, Michael"]
[Black "Holst, Conny"]
[Result "1-0"]
[WhiteElo "2425"]
[BlackElo "2285"]

1.d4 d5 2.c4 dxc4 3.e4 e5 4.Nf3 exd4 5.Bxc4 Bb4+ 6.Nbd2 Nc6 7.O-O Qf6 8.Nb3 Bg4
9.Nbxd4 Nxd4 10.Qxd4 Bxf3 11.Qxf6 Nxf6 12.gxf3 Rd8 13.Be3 a6 14.Rfd1 Rxd1+
15.Rxd1 Ke7 16.e5 Nd7 17.f4 b5 18.Bxf7 Nxe5 19.fxe5 Kxf7 20.Rd7+ Ke6 21.Rxc7 Kxe5
22.Rxg7 Rc8 23.Rxh7 Rc2 24.Rh5+ Ke6 25.Rh6+ Kf5 26.Rxa6 Rxb2 27.Kg2 Be7 28.Kg3 Rb1
29.h4 Rh1 30.Ra5 Bd6+ 31.Kf3 Rh3+ 32.Ke2 Rxh4 33.Rxb5+ Ke6 34.Ra5 Bc7 35.Ra7 Bd6
36.Kd3 Kd5 37.Ra5+ Kc6 38.Bd4 Bc7 39.Rc5+ Kd6 40.Rg5 Kc6 41.Kc4 Rxd4+ 42.Kxd4 Bb6+
43.Kc4 Bxf2 44.Rb5 Bb6 45.a4 Bf2 46.a5 Bg1 47.a6 Kc7 48.Rb7+ Kc8 49.Kb5  1-0

[Event "Groningen op"]
[Site "Groningen"]
[Date "1990.??.??"]
[Round "5"]
[White "Douven, Rudy C"]
[Black "Fischer Nielsen, Jesper"]
[Result "1-0"]
[WhiteElo "2410"]
[BlackElo "2230"]

1.d4 d5 2.c4 dxc4 3.e4 c5 4.Nf3 e6 5.Bxc4 cxd4 6.Nxd4 a6 7.O-O Nf6 8.Bg5 Be7
9.e5 Nfd7 10.Bf4 b5 11.Bxe6 fxe6 12.Nxe6 Qb6 13.Nxg7+ Kf7 14.Nf5 Nf8 15.Nxe7 Kxe7
16.Nc3 Bb7 17.Nd5+ Bxd5 18.Qxd5 Qc6 19.Bg5+ Ke8 20.Qd8+ Kf7 21.Qe7+ Kg6 22.Rad1  1-0

[Event "Groningen op"]
[Site "Groningen"]
[Date "1990.??.??"]
[Round "8"]
[White "Vanheste, Jeroen"]
[Black "Kolev, Atanas"]
[Result "0-1"]
[WhiteElo "2370"]
[BlackElo "2445"]

1.d4 d5 2.c4 dxc4 3.e4 e5 4.Nf3 exd4 5.Bxc4 Bb4+ 6.Bd2 Bxd2+ 7.Nbxd2 Nc6
8.O-O Nf6 9.e5 Ng4 10.h3 Nh6 11.Nb3 O-O 12.Nfxd4 Nxd4 13.Qxd4 Qxd4 14.Nxd4 Re8
15.f4 Nf5 16.Nb5 Re7 17.Rfd1 Be6 18.Bxe6 fxe6 19.Rac1 Ne3 20.Rxc7 Rxc7 21.Nxc7 Nxd1
22.Nxa8 Kf7 23.Nc7 a6 24.g4 g6 25.Kg2 Nxb2 26.Kf3 Nd3 27.Ke4 Nf2+ 28.Kf3 Nd3
29.Ke4 Nc5+ 30.Kd4 Na4 31.Ke3 Nc3 32.a3 Ke7 33.Kd4 Nb1 34.f5 gxf5 35.gxf5 exf5
36.Nd5+ Kf7 37.a4 Nd2 38.Nf4 Ke7 39.Kc5 b5 40.axb5 axb5 41.Kxb5 Nf3 42.Kc5 Nxe5
43.Kd5 Nf3 44.Kc4 Kf6 45.Kd3 Ne5+ 46.Ke3 Ng6 47.Ng2 Ke5 48.Ne1 f4+ 49.Kf2 Ke4
50.Nf3 h6 51.Nd2+ Kf5 52.Kg2 Ne5 53.Kf2 Nf7 54.Kf3 Ng5+ 55.Kg2 Ke5 56.h4 Nf7
57.Nf3+ Kf5 58.Kh3 Ke4 59.Nd2+ Ke3 60.Nc4+ Ke2 61.Kg4 f3 62.Nd2 Ne5+  0-1

[Event "HUN-chop"]
[Site "Gyor"]
[Date "1990.??.??"]
[Round "8"]
[White "Koczka, Zsolt"]
[Black "Nemeth, Zoltan"]
[Result "0-1"]
[WhiteElo "2240"]
[BlackElo "2360"]

1.d4 d5 2.c4 dxc4 3.e4 c5 4.d5 e6 5.Bxc4 exd5 6.Bxd5 Bd6 7.e5 Bc7 8.Qb3 Qd7
9.Nf3 Nc6 10.O-O Na5 11.Qd3 Kf8 12.Be3 b6 13.Qe4 Rb8 14.Nc3 Qf5 15.Nb5 Qxe4
16.Bxe4 Bb7 17.Bxb7 Rxb7 18.Rad1 Ke8 19.Rfe1 Nc6 20.Bf4 Bb8 21.Re4 Rd7 22.Rde1 Re7
23.Bg5 Re6 24.Bf4 h6 25.Nd2 Nge7 26.Nd6+ Kf8 27.N2c4 Nd4 28.Bg3 Nec6 29.f4 g6
30.a4 Nf5 31.Nxf5 gxf5 32.R4e3 Kg7 33.Bh4 Rc8 34.Bf6+ Kh7 35.Rg3 Rg8 36.Rxg8 Kxg8
37.Rd1 Nd4 38.Ne3 Kh7 39.Kf2 Kg6 40.Rd2 Re8 41.Nd5 Kh7 42.Rd3 Ne6 43.Rh3 Bc7
44.Bg5 Nxg5 45.fxg5 Bxe5 46.Rxh6+ Kg7 47.b3 Re6 48.Rh3 Kg6 49.Rd3 Kxg5 50.Kf3 Bxh2
51.g3 Bg1 52.Nf4 Re1 53.Nh3+ Kf6 54.Rd6+ Ke7 55.Rc6 Bd4 56.Rc7+ Kf6 57.Rxa7 Re3+
58.Kg2 Be5 59.Nf4  0-1

[Event "Hamburg-ch"]
[Site "Hamburg"]
[Date "1990.??.??"]
[Round "?"]
[White "Michaelsen, Nils"]
[Black "Fette, Martin"]
[Result "0-1"]
[WhiteElo "2285"]
[BlackElo "2360"]

1.d4 d5 2.c4 dxc4 3.e4 Nc6 4.d5 Ne5 5.Bf4 Ng6 6.Bg3 Nf6 7.Nc3 e6 8.Qa4+ Bd7
9.Qxc4 exd5 10.exd5 Bd6 11.Nf3 O-O 12.Be2 b5 13.Qd4 Re8 14.Bxd6 cxd6 15.O-O a6
16.Rfe1 Ne5 17.a4 bxa4 18.Nd2 Rb8 19.Nxa4 a5 20.b3 Rb4 21.Bc4 Bxa4 22.bxa4 Qc7
23.Rac1 Rc8 24.Rc3 Nfd7 25.Rec1 Nb6 26.Bf1 Rxd4 27.Rxc7 Rxc7 28.Rxc7 Rxd2
29.f4 Ng6 30.Rc6 Nxa4 31.Rxd6 Nc3 32.Rd8+ Nf8 33.d6  0-1

[Event "FIN-ch"]
[Site "Helsinki"]
[Date "1990.??.??"]
[Round "6"]
[White "Norri, Joose"]
[Black "Rantanen, Yrjo A"]
[Result "0-1"]
[WhiteElo "2360"]
[BlackElo "2405"]

1.d4 d5 2.c4 dxc4 3.e4 Nc6 4.Be3 Nf6 5.Nc3 Ng4 6.Bxc4 e5 7.Qf3 f6 8.d5 Nxe3
9.fxe3 Nb8 10.d6 Bxd6 11.O-O-O c6 12.Qh5+ g6 13.Qh6 Qe7 14.Nf3 Nd7 15.Nh4 Qf8
16.Qxf8+ Bxf8 17.Rhf1 Nb6 18.Bb3 Be7 19.a4 a5 20.h3 Nd7 21.Nf3 Nc5 22.Bc4 Bd7  0-1

[Event "POL-ch Girls U20"]
[Site "Konin"]
[Date "1990.??.??"]
[Round "8"]
[White "Lewandowska, Katarzyna"]
[Black "Byczynska, Joanna"]
[Result "1-0"]
[WhiteElo "2085"]
[BlackElo "2080"]

1.d4 d5 2.c4 dxc4 3.e4 e5 4.Nf3 exd4 5.Bxc4 Nc6 6.O-O Nf6 7.e5 Nd5 8.Nxd4 Nxd4
9.Qxd4 Be6 10.Nc3 Nxc3 11.Qxc3 Bxc4 12.Qxc4 Qd7 13.Bg5 c6 14.e6 fxe6 15.Rad1 Qc8
16.Rfe1 Bc5 17.Rxe6+ Kf8 18.Qxc5+ Kg8 19.Qc4 Kf7 20.Rf6+  1-0

[Event "Kuala Lumpur zt"]
[Site "Kuala Lumpur"]
[Date "1990.??.??"]
[Round "?"]
[White "Lin Ta"]
[Black "Ye Rongguang"]
[Result "1/2-1/2"]
[WhiteElo "2410"]
[BlackElo "2490"]

1.d4 d5 2.c4 dxc4 3.e4 Nc6 4.Nf3 Bg4 5.d5 Ne5 6.Nc3 a6 7.Bf4 Ng6 8.Bg3 e5
9.Bxc4 Bd6 10.Be2 Nh6 11.Nd2 Bd7 12.Nc4 f5 13.f3 O-O 14.Qd2  1/2-1/2

[Event "Lyon zt"]
[Site "Lyon"]
[Date "1990.??.??"]
[Round "8"]
[White "Meulders, Richard"]
[Black "Van der Sterren, Paul"]
[Result "1/2-1/2"]
[WhiteElo "2320"]
[BlackElo "2515"]

1.d4 d5 2.c4 dxc4 3.e4 Nf6 4.e5 Nd5 5.Bxc4 Nb6 6.Bd3 Nc6 7.Ne2 Bg4 8.f3 Be6
9.Nbc3 Qd7 10.Ne4 Bd5 11.Nc5 Qc8 12.Be3 e6 13.Rc1 Nb4 14.a3 Nxd3+ 15.Qxd3 Nd7
16.Ne4 Qd8 17.O-O Be7 18.f4 Nb6 19.N2g3 h5 20.f5 h4 21.Ne2 exf5 22.Rxf5 Qd7
23.Nf4 Bc4 24.Qc2 O-O-O 25.d5 Nxd5 26.Nxd5 Bxd5 27.Nd6+ Bxd6 28.exd6 Bc6
29.dxc7 Rde8 30.Rd1 Qxc7 31.Qf2 f6 32.Bxa7 Rd8  1/2-1/2

[Event "Mar del Plata op"]
[Site "Mar del Plata"]
[Date "1990.??.??"]
[Round "?"]
[White "Sorin, Ariel"]
[Black "Piscicelli, Daniel"]
[Result "1-0"]
[WhiteElo "2430"]
[BlackElo "2260"]

1.d4 d5 2.c4 dxc4 3.e4 c5 4.d5 Nf6 5.Nc3 e6 6.Bxc4 exd5 7.Nxd5 Nxd5 8.Bxd5 Qc7
9.Be3 Be7 10.Rc1 O-O 11.Ne2 Na6 12.O-O Bd7 13.Qb3 Bc6 14.Nc3 b6 15.Bf4 Bxd5
16.Nxd5 Qb7 17.Rc3 Rfd8 18.Rg3 Bf8 19.Be5 Nb4 20.Nf6+ Kh8 21.Qf3 Rd6 22.Bxd6 Bxd6
23.Qf5  1-0

[Event "Meudon"]
[Site "Meudon"]
[Date "1990.??.??"]
[Round "6"]
[White "Arino, Franck"]
[Black "Fayard, Alain"]
[Result "0-1"]
[WhiteElo "2060"]
[BlackElo "2275"]

1.d4 d5 2.c4 dxc4 3.e4 c5 4.d5 Nf6 5.f3 e6 6.Nc3 exd5 7.exd5 Bd6 8.Bxc4 O-O
9.Nge2 Nbd7 10.Bg5 a6 11.a4 Qc7 12.Qd2 Re8 13.Kf2 Ne5 14.b3 Nfd7 15.Nd1 h6
16.Bh4 Rb8 17.a5 b5 18.axb6 Rxb6 19.Bg3 Nf6 20.Ndc3 Nxc4 21.bxc4 Bf5 22.Bxd6 Qxd6
23.Ng3 Bg6 24.Ra4 Reb8 25.Ra2 Rb4 26.Rha1 Rxc4 27.Rxa6 Qe5 28.Nge2 Qxh2 29.Ra8 Rb4
30.d6 Bf5 31.Ng3 Qh4 32.Ne2 Rxa8 33.Rxa8+ Kh7 34.Qe3 Nd7 35.Qe8 Rb2 36.Qe3 c4
37.Ra4 Bd3 38.Kg1 Rxe2 39.Nxe2 Qe1+  0-1

[Event "North Island op"]
[Site "North Island"]
[Date "1990.??.??"]
[Round "?"]
[White "Ker, Anthony F"]
[Black "Dreyer, Martin"]
[Result "1/2-1/2"]
[WhiteElo "2305"]
[BlackElo "2215"]

1.d4 d5 2.c4 dxc4 3.e4 e5 4.Nf3 exd4 5.Bxc4 Bb4+ 6.Nbd2 Nc6 7.O-O Nf6 8.e5 Nd5
9.Nb3 Nb6 10.Bb5 Qd5 11.Nfxd4 Bd7 12.Nxc6 Qxb5 13.Nbd4 Qc5 14.Nxb4 Qxb4 15.a3 Qe7
16.Re1 O-O 17.Qf3 c5 18.Nf5 Bxf5 19.Qxf5 Rfe8 20.Bg5 Qe6 21.Qe4 Qg6 22.Qh4 Re6
23.Rad1 h6 24.Be7 Qc2 25.Bd6  1/2-1/2

[Event "Novi Sad ol (Men)"]
[Site "Novi Sad"]
[Date "1990.??.??"]
[Round "3"]
[White "Meulders, Richard"]
[Black "Lin Ta"]
[Result "0-1"]
[WhiteElo "2315"]
[BlackElo "2435"]

1.d4 d5 2.c4 dxc4 3.e4 Nc6 4.Nf3 Bg4 5.Be3 e6 6.Bxc4 Bxf3 7.gxf3 Qf6 8.Nc3 O-O-O
9.Qe2 Nxd4 10.Bxd4 Qxd4 11.Rd1 Qe5 12.Rxd8+ Kxd8 13.Qd2+ Bd6 14.Nb5 Nf6 15.Nxd6 cxd6
16.Rg1 h6 17.Qc3 Qxc3+ 18.bxc3 g6 19.Kd2 Ke7 20.Rb1 b6 21.Bb5 Rc8 22.a4 Rc5
23.a5 bxa5 24.Ba4 Rc7 25.Rb8 Nd7 26.Bxd7 Kxd7 27.Rb5 Kc6 28.Rxa5 Kb6 29.Ra2 Rc5
30.Kd3 a6 31.c4 Ra5 32.Rb2+ Kc7 33.Rb3 Ra1 34.h4 Ra2 35.Ke3 e5 36.Rd3 Kc6
37.Rd5 f5 38.exf5 gxf5 39.f4 exf4+ 40.Kf3 Ra3+ 41.Kxf4 Rh3 42.Rxf5 Rxh4+
43.Ke3 Rxc4 44.Rh5 Rc5 45.Rxh6 a5 46.Rh8 a4 47.Ra8 Kb5 48.f4 Kb4 49.Kd3 a3
50.Ra6 Rc3+ 51.Kd2 Rf3 52.Kc2 d5 53.Rb6+ Kc4 54.Ra6 d4 55.f5 d3+ 56.Kd2 a2  0-1

[Event "Novi Sad ol (Men)"]
[Site "Novi Sad"]
[Date "1990.??.??"]
[Round "11"]
[White "Greenfeld, Alon"]
[Black "Ye Rongguang"]
[Result "0-1"]
[WhiteElo "2510"]
[BlackElo "2525"]

1.d4 d5 2.c4 dxc4 3.e4 Nc6 4.Be3 Nf6 5.Nc3 e5 6.d5 Ne7 7.Bxc4 Ng6 8.Nf3 Bd6
9.O-O O-O 10.Be2 a6 11.Rc1 Bd7 12.Ne1 Qe7 13.Kh1 h6 14.g3 c6 15.dxc6 Bxc6
16.Bf3 Rfd8 17.Qe2 b5 18.a3 Qb7 19.Bg2 a5 20.f3 b4 21.axb4 axb4 22.Nd1 Bb5
23.Nd3 Qa6 24.N1f2 Nd7 25.Rfd1 Nb6 26.Qe1 Nc4 27.Bc5 Bxc5 28.Nxc5 Rxd1 29.Rxd1 Qb6
30.Qxb4 Ne3 31.Rg1 Nxg2 32.Rxg2 Ra1+ 33.Rg1 Be2 34.Qc3 Qxc5  0-1

[Event "Pamplona"]
[Site "Pamplona"]
[Date "1990.??.??"]
[Round "?"]
[White "Kortschnoj, Viktor"]
[Black "Polgar, Zsuzsa"]
[Result "1/2-1/2"]
[WhiteElo "2630"]
[BlackElo "2510"]

1.d4 d5 2.c4 dxc4 3.e4 c5 4.d5 e6 5.Bxc4 Nf6 6.Nc3 exd5 7.Nxd5 Nxd5 8.Bxd5 Be7
9.Nf3 O-O 10.O-O Qb6 11.Ne5 Be6 12.Bf4 Rd8 13.Qf3 Nd7 14.Rad1 Nxe5 15.Bxe5 Bxd5
16.exd5 Bf6 17.Bxf6 Qxf6 18.Qxf6 gxf6 19.d6 Rd7 20.Rd5 b6 21.g4 h6 22.Kg2 Rad8
23.Rfd1 f5 24.gxf5 Kg7 25.Kf3 Re8 26.a3 Kf6 27.b4 cxb4 28.axb4 a6 29.Kf4 Rc8
30.R1d3 Rc6 31.R5d4 h5 32.Rd5 Rc4+ 33.R3d4 Rc6 34.Kg3 Rc3+ 35.f3 Rc2 36.Rh4 Rc6
37.Rxh5 Rcxd6 38.Rh6+ Ke7 39.Re5+ Kd8 40.f6 Kc7 41.h4 Rd4 42.Rh7 Rxb4 43.Re7 Rxe7
44.fxe7 Kd7 45.Rxf7 Rb1 46.h5 Rh1 47.Rh7 a5 48.f4 a4 49.f5 Rf1 50.h6 a3 51.e8=Q+ Kxe8
52.Ra7 Rh1 53.h7 a2 54.Kf4 Rxh7 55.Rxa2 Kf7 56.Ke5 Rh6 57.Ra7+ Kf8 58.Rb7 Rc6
59.Kf4 Rd6 60.Kg5 Rc6  1/2-1/2

[Event "Paris-ch"]
[Site "Paris"]
[Date "1990.??.??"]
[Round "?"]
[White "Ruf, Matthias"]
[Black "Vandevoort, Pascal"]
[Result "0-1"]
[WhiteElo "2295"]
[BlackElo "2205"]

1.d4 d5 2.c4 dxc4 3.e4 c5 4.d5 Nf6 5.Nc3 e6 6.Bxc4 exd5 7.Nxd5 Nxd5 8.Bxd5 Be7
9.Ne2 O-O 10.O-O Nd7 11.Bb3 Nb6 12.Be3 c4 13.Qxd8 Bxd8 14.Bc2 Bf6 15.Rab1 Bd7
16.Nc3 Bc6 17.Rfd1 Rad8 18.Kf1 Rfe8 19.f3 g6 20.Ke2 Nc8 21.a4 b6 22.Rxd8 Rxd8
23.Rd1 Rxd1 24.Nxd1 Nd6 25.a5 bxa5 26.Bxa7 Nb5 27.Bb6 Nd4+ 28.Kd2 Bg5+ 29.Kc3 Nxc2
30.Bxa5 Ne1 31.Kxc4 Nxg2 32.Kc5 Ba4 33.Nc3 Bb3 34.Ne2 Nf4 35.Nd4 Ne6+ 36.Nxe6 fxe6
37.Bc7 Bf6 38.e5 Bg5 39.Kb4 Bd5 40.Kc3 Bxf3  0-1

[Event "Pinar del Rio zt"]
[Site "Pinar del Rio"]
[Date "1990.??.??"]
[Round "1"]
[White "Borges Mateos, Juan"]
[Black "Hernandez, Gilberto"]
[Result "1-0"]
[WhiteElo "2500"]
[BlackElo "2395"]

1.d4 d5 2.c4 dxc4 3.e4 c5 4.d5 Nf6 5.Nc3 b5 6.e5 b4 7.exf6 bxc3 8.bxc3 exf6
9.Bf4 Bd6 10.Bxd6 Qxd6 11.Bxc4 O-O 12.Ne2 Nd7 13.Bb3 a5 14.c4 Ba6 15.a3 Nb6
16.Rc1 Rfe8 17.O-O Re5 18.Qd2 a4 19.Ba2 g6 20.Ng3 Rae8 21.Qa5 Bc8 22.Rb1 Nd7
23.Qxa4 f5 24.Qc6 Qe7 25.f3 h5 26.d6 Qe6 27.Rf2 Re3 28.Bb3 Ne5 29.Qd5 Qxd5
30.cxd5 Ba6 31.Ba4 Rd8 32.f4 Nd3 33.Re2 Rxe2 34.Nxe2 Rxd6 35.Bc6 Bc4 36.Rd1 Kf8
37.g3 Ke7 38.Nc3 Ba6 39.a4 Nb4 40.Bb5 Bxb5 41.axb5 Nc2 42.Kf2 Nd4 43.Ra1 Rb6
44.Ra5 Kd8 45.Ke3 Nb3 46.Ra8+ Kd7 47.Kd3 Kd6 48.Ra6 Kc7 49.Ra7+ Rb7 50.d6+ Kc8
51.Rxb7 Kxb7 52.Kc4 Nd2+  1-0